Kỹ thuật nấu ăn món nướng tuyển chọn đặc sắc
সংরক্ষণ করুন:
| প্রধান লেখক: | |
|---|---|
| বিন্যাস: | গ্রন্থ |
| ভাষা: | Undetermined |
| প্রকাশিত: |
Phụ Nữ
2001
|
| ট্যাগগুলো: |
ট্যাগ যুক্ত করুন
কোনো ট্যাগ নেই, প্রথমজন হিসাবে ট্যাগ করুন!
|
| Thư viện lưu trữ: | Trung tâm Học liệu Trường Đại học Cần Thơ |
|---|
| LEADER | 00480nam a2200145Ia 4500 | ||
|---|---|---|---|
| 001 | CTU_49865 | ||
| 008 | 210402s9999 xx 000 0 und d | ||
| 082 | |a 641.5 | ||
| 082 | |b Ph561 | ||
| 100 | |a TRẦN HUỲNH NGỌC PHƯỢNG | ||
| 245 | 0 | |a Kỹ thuật nấu ăn món nướng tuyển chọn đặc sắc | |
| 245 | 0 | |c TRẦN HUỲNH NGỌC PHƯỢNG | |
| 260 | |b Phụ Nữ | ||
| 260 | |c 2001 | ||
| 980 | |a Trung tâm Học liệu Trường Đại học Cần Thơ | ||